LOS PROTOCOLOS DE LOS SABIOS DE SION (Registro nro. 58126)
[ vista simple ]
| 000 -LEADER | |
|---|---|
| fixed length control field | 00489nam a2200181 a 4500 |
| 001 - CONTROL NUMBER | |
| control field | 58126 |
| 005 - DATE AND TIME OF LATEST TRANSACTION | |
| control field | 20180714054618.0 |
| 008 - FIXED-LENGTH DATA ELEMENTS--GENERAL INFORMATION | |
| fixed length control field | 140415s1952 mx 000 0 spa d |
| 041 ## - LANGUAGE CODE | |
| Language code of text/sound track or separate title | spa |
| 082 ## - DEWEY DECIMAL CLASSIFICATION NUMBER | |
| Classification number | 296 |
| Item number | JOU |
| 100 1# - MAIN ENTRY--PERSONAL NAME | |
| Personal name | JOUIN, M. E. |
| 245 14 - TITLE STATEMENT | |
| Title | LOS PROTOCOLOS DE LOS SABIOS DE SION |
| 260 ## - PUBLICATION, DISTRIBUTION, ETC. | |
| Place of publication, distribution, etc. | MEXICO : |
| Name of publisher, distributor, etc. | LATINO AMERICANA, |
| Date of publication, distribution, etc. | 1952 |
| 300 ## - PHYSICAL DESCRIPTION | |
| Extent | 296 |
| Dimensions | 15 x 2 x 20.1 |
| 490 ## - SERIES STATEMENT | |
| Series statement | COL. ARCHIVO MOTOLINIA |
| 650 14 - SUBJECT ADDED ENTRY--TOPICAL TERM | |
| Topical term or geographic name entry element | JUDIOS |
| 700 1# - ADDED ENTRY--PERSONAL NAME | |
| Personal name | DUQUE DE VICTORIA |
| Relator term | tr. |
| Withdrawn status | Lost status | Source of classification or shelving scheme | Damaged status | Not for loan | Collection code | Home library | Current library | Shelving location | Date acquired | Source of acquisition | Inventory number | Total Checkouts | Full call number | Barcode | Date last seen | Price effective from | Koha item type | Public note |
|---|---|---|---|---|---|---|---|---|---|---|---|---|---|---|---|---|---|---|
| Dewey Decimal Classification | Consulta en sala | Archivo Motolinia | Biblioteca Karol Wojtyla | Biblioteca Karol Wojtyla | Sala "Colecciones Especiales" | 03/12/2013 | Compra | 151000000000000000082247 | 296 JOU | 87661 | 05/01/2026 | 03/12/2013 | Libro | Motolinia |